000 00489cam a2200157 4500500
005 20251228074240.0
041 _afre
042 _adc
100 1 0 _aDiethelm, Marie-Bénédicte
_eauthor
700 1 0 _aYon, Hervé
_eauthor
245 0 0 _aRevue critique
260 _c2013.
500 _a70
786 0 _nL'Année balzacienne | 14 | 1 | 2013-12-01 | p. 399-425 | 0084-6473
856 4 1 _uhttps://shs.cairn.info/revue-l-annee-balzacienne-2013-1-page-399?lang=fr&redirect-ssocas=7080
999 _c1597281
_d1597281